| 000 | 00802cab a2200241 4500 | ||
|---|---|---|---|
| 001 | ABS57673 | ||
| 008 | 090401t1997 xxu||||| |||| 00| 0 eng d | ||
| 035 | _a(Sirsi) u80962 | ||
| 041 | _aeng | ||
| 100 | _aRelf, T. | ||
| 245 | _aCaution changes to confidence | ||
| 260 | _c1997 | ||
| 350 | _a0 | ||
| 490 |
_aFarmers' Weekly _v127(10) 5 September 1997, 26-28(3) |
||
| 520 | _aSpecial report on Farm Business Tenancies considering the successes and failures of the scheme since its introduction in September 1995. Includes a round-up of opinion from the agricultural sector. | ||
| 650 | _aCOUNTRY LANDOWNERS ASSOCIATION | ||
| 650 | _aFARM BUSINESS TENANCIES | ||
| 650 | _aFARM RENTS | ||
| 650 | _aNATIONAL FARMERS UNION | ||
| 690 | _aRURAL PRACTICE | ||
| 942 | _n0 | ||
| 948 | _c19/09/1997 | ||
| 999 |
_c51001 _d51001 |
||